000 00406nam a22001697a 4500
005 20160620165710.0
008 160620b xxu||||| |||| 00| 0 eng d
020 _a0-07-7079353
041 _aeng
082 _b8613
100 _aJobbor, David
_92353
245 _aPrinciples and practice of Marketing
260 _bMegroo Hill Book Company
300 _a731
650 _aManagement
_9241
942 _cBK
999 _c3326
_d3325